000
00339nam a22001577a 4500
003
SGT
020
_a
978-239-2031-3
082
_a
615.190, P12A
100
_a
AGARWAL, GAURAV
245
_a
PHARMACEUTICAL TECHNOLOGY -II
250
_a
1SH
260
_a
DELHI
_b
CBS
_c
2012
300
_a
402
650
_a
PHARMACEUTICAL
942
_2
ddc
_c
BK
_0
1
999
_c
8154
_d
8154